Name Every BoJack Horseman Episode - Statistics

General Stats
  • This quiz has been taken 393 times
  • The average score is 33 of 76
Answer Stats
# Season 1 % Correct
The View from Halfway Down
91%
Escape from L.A.
77%
Nice While It Lasted
75%
That's Too Much, Man!
73%
Free Churro
72%
2 BoJack Hates the Troops
66%
The Old Sugarman Place
64%
Time's Arrow
64%
Angela
63%
11 Downer Ending
61%
Fish Out of Water
59%
Hooray! Todd Episode!
59%
Ruthie
59%
Intermediate Scene Study w/BoJack Horseman
58%
Xerox of a Xerox
58%
It's You
56%
The Showstopper
56%
The BoJack Horseman Show
54%
8 The Telescope
53%
A Horse Walks into a Rehab
51%
See Mr. Peanutbutter Run
50%
The Stopped Show
50%
3 Prickly Muffin
49%
4 Zoes and Zeldas
49%
13 Brand New Couch
48%
5 Live Fast, Diane Nguyen
48%
Good Damage
47%
12 Later
46%
The Horny Unicorn
45%
10 One Trick Pony
44%
Out to Sea
44%
BoJack Kills
43%
Chickens
43%
The Face of Depression
43%
1 BoJack Horseman: The BoJack Horseman Story, Chapter One
42%
lovin that cali lifestyle!
42%
Underground
42%
Commence Fracking
41%
INT. SUB
41%
Stupid Piece of Sh*t
40%
That Went Well
40%
The Dog Days Are Over
40%
14 Yesterdayland
39%
BoJack the Feminist
38%
7 Say Anything
38%
The Light Bulb Scene
38%
The New Client
38%
Yes And
38%
Brrap Brrap Pew Pew
37%
The Judge
37%
Let's Find Out
36%
The Amelia Earhart Story
36%
The Shot
36%
Best Thing That Ever Happened
35%
Surprise!
34%
What Time Is It Right Now
34%
Sunk Cost and All That
33%
A Quick One, While He's Away
32%
Feel-Good Story
32%
The Kidney Stays in the Picture
32%
Hank After Dark
31%
9 Horse Majeure
31%
Stop the Presses
31%
16 After the Party
29%
Higher Love
29%
Thoughts and Prayers
29%
Head in the Clouds
28%
Planned Obsolescence
27%
Start Spreading the News
27%
A Little Uneven, Is All
25%
Love And/Or Marriage
24%
15 Still Broken
23%
Ancient History
22%
6 Our Story Is a 'D' Story
19%
Old Acquaintance
17%
Mr. Peanutbutter's Boss
11%
No matching quizzes found
Score Distribution
Percent of People with Each Score
Percentile by Number Answered
Your Score History
You have not taken this quiz